000 00288nam a22001337a 4500
020 _a0835931943
041 _aENG
100 _aHelen.P
245 _aIntroduction To Food Processing
260 _aVirginia
_bReston Pub
_c1985
300 _a321
650 _aAPE (02)
856 _uAPE (02)
999 _c2878
_d2878